Poética (Record no. 25752)

MARC details
000 -LEADER
campo de control de longitud fija 00702nam a2200205 i 4500
001 - NÚMERO DE CONTROL
campo de control 25752
003 - IDENTIFICADOR DE NÚMERO DE CONTROL
campo de control ES-MaACL
005 - FECHA Y HORA DE LA ÚLTIMA TRANSACCIÓN
campo de control 20250805063229.0
007 - CAMPO FIJO DE DESCRIPCIÓN FÍSICA--INFORMACIÓN GENERAL
campo de control de longitud fija t|
008 - DATOS DE LONGITUD FIJA--INFORMACIÓN GENERAL
campo de control de longitud fija 030102s1926 sp ||||1| cat d
100 0# - ENTRADA PRINCIPAL--NOMBRE DE PERSONA
Nombre de persona Aristóteles
9 (RLIN) 22861
245 10 - MENCIÓN DEL TÍTULO
Título Poética
Resto del título : [Constitució d'Arenes] /
Mención de responsabilidad, etc. Aristóteles ; texte i traducció de J. Farrán i Mayoral.
260 ## - PUBLICACIÓN, DISTRIBUCIÓN, ETC.
Lugar de publicación, distribución, etc. Barcelona :
Nombre del editor, distribuidor, etc. Fundació Bernat Metge,
Fecha de publicación, distribución, etc. 1926 (
Fabricante Emporium)
300 ## - DESCRIPCIÓN FÍSICA
Extensión 2 t. con 1 v. ;
Dimensiones 22 cm.
490 1# - MENCIÓN DE SERIE
Mención de serie Fundació Bernat Metge. Escriptors Grees
700 1# - ENTRADA AGREGADA--NOMBRE PERSONAL
Nombre de persona Farrán y Mayoral, J.
9 (RLIN) 48882
830 0# - PUNTO DE ACCESO ADICIONAL DE SERIE-TÍTULO UNIFORME
Título uniforme Fundació Bernat Metge. Escriptors Grees
9 (RLIN) 183839
852 ## - LOCALIZACIÓN
Ubicación ES-MaACL
Número de control de estantería C-6773
Holdings
Estatus retirado Estado de pérdida Estado de daño No para préstamo Biblioteca de origen Biblioteca actual Ubicación en estantería Fecha de adquisición Fuente de adquisición Total de préstamos Signatura topográfica completa Código de barras Visto por última vez Precio de reemplazo Tipo de ítem Koha
        Biblioteca del Ateneo de Madrid Biblioteca del Ateneo de Madrid Sala Palomar 17/01/2008     C-6773 1026562 23/02/2023 23/02/2023 Libro impreso